000 00800nam a2200241Ia 4500
003 OSt
005 20220923214658.0
006 a|||||r|||| 00| 0
007 ta
008 220922b |||||||| |||| 00| 0 hin d
024 _a171,586
037 _cTextual
040 _aARTS
_cARTS
_bhin
041 _2hin
_ahin
082 _aO152,3N2312x, L3
100 _aआरिगपूडि, ए0 रमेश चौधरी
_9163396
245 0 _aविचित्र निदान
246 _aVichitra nidāna
260 _aदिल्ली
_b आशा प्रका0
_c1973
650 _aहिन्दी साहित्य
_9156264
942 _hO152,3N2312x, L3
_cTEXL
_2CC
999 _c325738
_d325738